000
00319nam a2200109Ia 4500
008
181022s9999 xx 000 0 und d
020
_a
9781308811536
245
_a
Introduction to earth science /
260
_a
New York :
_b
McGraw Hill
_c
2016
300
_a
iv, 451 pages.
650
_a
Earth sciences -- study and teaching.
999
_c
359279
_d
359279